000 02898nam a2200349M 4500
001 991107052250506196
005 20251020123920.0
008 200916t20202019nyub e 000 1 eng d
020 _a9782290233795
035 _a(OCoLC)1260634253
035 _a(OCoLC)on1260634253
040 _aTXHLC
_beng
_erda
_cTXHLC
_dOCLCO
041 _afre
_heng
050 _aPR9639.4 M876
_bT221 2018
100 _aMorris, Heather
_eauthor
_926192
240 _aTattooist of Auschwitz.
_lFrench.
245 1 0 _aLe tatoueur d'Auschwitz
_c/ Heather Morris ; translated by Jocelyne Barsse.
260 _aParis :
_bJ'ai Lu,
_c2018.
300 _a318 pages :
_c18 cm
520 _aL'histoire vraie d'un homme et d'une femme qui ont trouvé l'amour au coeur de l'enfer. Sous un ciel de plomb, des prisonniers défilent à l'entrée du camp d'Auschwitz. Bientôt, ils ne seront plus que des numéros tatoués sur le bras. C'est Lale, un déporté, qui est chargé de cette sinistre tâche. Il travaille le regard rivé au sol pour éviter de voir la douleur dans les yeux de ceux qu'il marque à jamais. Un jour, pourtant, il lève les yeux sur Gita, et la jeune femme devient sa lumière dans ce monde d'une noirceur infinie. Ils savent d'emblée qu'ils sont faits l'un pour l'autre. Dans cette prison où l'on se bat pour un morceau de pain et pour sauver sa vie, il n'y a pas de place pour l'amour. Ils doivent se contenter de minuscules moments de joie, qui leur font oublier le cauchemar du quotidien. Mais Lale fait une promesse à Gita : un jour, ils seront libres et heureux de vivre ensemble.
520 _aThe true story of a man and a woman who found love in the heart of hell. Under a heavy sky, prisoners march toward the gates of Auschwitz. Soon, they will be nothing more than numbers tattooed on their arms. Lale, himself a deportee, is tasked with this grim duty. He keeps his eyes fixed on the ground to avoid seeing the pain in the faces of those he marks forever. One day, though, he looks up—and meets Gita. She becomes his light in a world of endless darkness. From that moment, they know they are meant for each other. In this place where people fight for a crust of bread and for their very lives, there is no room for love. They must cling to fleeting moments of joy that make them forget the daily nightmare. But Lale makes Gita a promise: one day, they will be free and live happily together.
610 0 _aAuschwitz (Concentration camp)
_vFiction
_926193
650 0 _aHolocaust, Jewish (1939-1945)
_vFiction
_922842
650 0 _aWorld War, 1939-1945
_xJews
_vFiction
_926194
650 0 _aTattoo artists
_vFiction
_926195
650 0 _aMan-woman relationships
_vFiction
_911134
650 0 _aJews
_zPoland
_vFiction
_926196
655 0 _aHistorical fiction
_922722
655 0 _aBiographical fiction
_923613
700 _aBarsse, Jocelyne
_926197
_etranslator
942 _2lcc
999 _c5060
_d5060